| 000 | 00538nam a2200181Ia 4500 | ||
|---|---|---|---|
| 003 | GCL | ||
| 008 | 140319s9999 xx 000 0 eng d | ||
| 040 |
_aGCL / _cGCL |
||
| 082 | 0 | 4 |
_a463 _bG C |
| 100 | 1 | _aGARCIA, TERESA ALVAREZ | |
| 245 | 1 | 0 |
_aCOLLINS : SPANISH ENGLISH - ENGLISH SPANISH DICTIONARY / _cGARCIA, TERESA ALVAREZ |
| 260 |
_a[S.N] : _bHARPER COLLINS COLLEGE PUBLISBERS ، _c1985 |
||
| 300 | _a570\P | ||
| 650 | 0 | 4 | _aSPANISH LANGUAGE - DICTIONARY |
| 650 | 0 | 4 | _aDICTIONARIES |
| 650 | 0 | 4 | _aSPANISH LANGUAGE |
| 942 |
_2ddc _cBK |
||
| 999 |
_c12969 _d12969 |
||